Multiple Choice City Quiz – Yakutsk - Statistics

General Stats
  • This quiz has been taken 47 times
  • The average score is 5 of 10
Answer Stats
Question Answer % Correct
Yakutsk was originally called Lensky fortress, named for which river? Lena
83%
Has climate change increasing the temperature been a positive change for the city? No, it has been a negative change
66%
The Yakut people and language are what? Turkic
60%
The nearest 100k+ city is how far away from Yakutsk? 1,000-5,000km
57%
Local attraction ________ Kingdom is named for what geographical feature? Permafrost
54%
Yakutsk has the only temir komuz museum in the world. What is a temir komuz? an instrument
51%
Platon Oyunsky, killed during the Great Purge, was a local what? Writer
51%
Winter is considered to last how many months in Yakutsk? 7
43%
Yakutsk is on which bank of the river? West
43%
Yakutsk has recently suffered from air pollution due to what? Wildfires
40%
No matching quizzes found
Score Distribution
Percent of People with Each Score
Percentile by Number Answered
Your Score History
You have not taken this quiz